| 000 -LEADER |
| fixed length control field |
01021cam a2200277 p 4500 |
| 005 - DATE AND TIME OF LATEST TRANSACTION |
| control field |
20131029075533.0 |
| 008 - FIXED-LENGTH DATA ELEMENTS--GENERAL INFORMATION |
| fixed length control field |
760916s1976 sz a b 000 0 eng |
| 020 ## - INTERNATIONAL STANDARD BOOK NUMBER |
| International Standard Book Number |
3764308222 : |
| 041 0# - LANGUAGE CODE |
| Language code of text/sound track or separate title |
eng |
| 080 ## - UNIVERSAL DECIMAL CLASSIFICATION NUMBER |
| Universal Decimal Classification number |
30 |
| 245 00 - TITLE STATEMENT |
| Title |
Systems theory in the social sciences : |
| Statement of responsibility, etc |
[edited by] Hartmut Bossel, Salomon Klaczko, Norbert Müller. |
| 260 ## - |
| -- |
Basel : |
| -- |
Birkhäuser, |
| -- |
1976. |
| 300 ## - |
| -- |
552 p. : |
| -- |
ill. ; |
| -- |
23 cm. |
| 490 1# - |
| -- |
ISR, Interdisciplinary systems research ; |
| -- |
20 |
| 500 ## - |
| -- |
Foreword : f. 5 |
| 504 ## - BIBLIOGRAPHY, ETC. NOTE |
| Bibliography, etc |
Includes bibliographies. |
| 650 #0 - |
| -- |
Shkencat shoqërore |
| -- |
Metodologjia |
| 650 #0 - |
| -- |
Teoria e sistemeve |
| 650 #0 - |
| -- |
Shkencat shoqërore |
| -- |
Metodat e simulimit |
| 650 #0 - |
| -- |
Analiza e sistemeve |
| 700 1# - |
| -- |
Bossel, Hartmut. |
| 700 1# - |
| -- |
Klaczko-Ryndziun, Salomon. |
| 700 1# - |
| -- |
Müller, Norbert, |
| -- |
1945- |
| 830 #0 - |
| -- |
Interdisciplinary systems research ; |
| -- |
20. |
| 942 ## - ADDED ENTRY ELEMENTS (KOHA) |
| Source of classification or shelving scheme |
|
| Item type |
Books |